| 000 | 00557nam a2200193 u 4500 | ||
|---|---|---|---|
| 005 | 20220603063652.0 | ||
| 008 | 080507s2003 r 000 0 eng d | ||
| 020 | _a8478647767 | ||
| 035 | _aUPN01000155771 | ||
| 049 | _aI | ||
| 050 | 4 |
_aPZ71 _bV4.3 |
|
| 245 | 0 | 3 |
_aLa vieja del bosque / _cadap. Luz Orihuela ; il. Mabel Piérola. |
| 260 |
_aBarcelona, Esp. : _bCombel, _c2003. |
||
| 300 | _a22 p. | ||
| 440 | 0 |
_aCaballo alado clásico. _pAl trote ; _v2 |
|
| 650 | 4 |
_aCuentos infantiles _96744 |
|
| 650 | 4 |
_aCUENTOS FANTASTICOS _97897 |
|
| 905 | _aInfantil | ||
| 999 |
_c127885 _d127885 |
||